LEADER 01397nam a2200325 u 4500 001 000000006734 003 CaOOAMICUS 005 20070226104915.0 008 940514s1983 it u000 u ita u 035 $a10174968 040 $aCStRLIN$bita$dPUL(R) 082 0 $a110$219 100 1 $aGavuzzo, Maria Luisa.$0(OLS)http://pul/name/6831 245 10$aMetafisica e condizione umana /$cMaria Luisa Gavuzzo. 260 $aRoma :$bIanua,$cc1983. 300 $a183 p. ;$c21 cm 490 1 $aBibliotheca Ianua ;$v2 504 $aIncludes bibliographical references and index. 600 14$aScheler, Max,$d1874-1928.$0(OLS)http://pul/subject/5984 600 14$aWittgenstein, Ludwig,$d1889-1951.$0(OLS)http://pul/subject/5985 650 4$aMetaphysics.$0(OLS)http://pul/subject/5986 650 0$aPhilosophical anthropology.$2//eng$0(OLS)http://pul/subject/5987 650 0$aPhilosophy, Modern$y20th century.$2//eng$0(OLS)http://pul/subject/5988 830 0$aBibliotheca Ianua ;$v2.$0(OLS)http://pul/title/9891 850 $aPUL 852 $aPUL$W1$xDP1 Fondo Giannini$y60$m1557 G 22$j9521$nBK-PRI$b $qFondi$B9521$CPULBib$Z2$F9521 $H $81 941 1 $a1 996 $6082$a110$219$9(OLS)http://pul/classification/158 996 $6245$aMetafisica e condizione umana$9(OLS)http://pul/title/9890 996 $6260$aRoma :$bIanua$9(OLS)http://pul/publisher/51416 LEADER 01488nam a2200313 a 4500 001 000000143204 003 CaOOAMICUS 005 20150511094912.0 008 150511s2015 gw u001 u ger r 020 $a978-3-16-152966-5 040 $aPUL$bita 245 00$aPoetik und Intertextualität der Johannesapokalypse /$cHrsg. von Stefan Alkier, Thomas Hieke und Tobias Nicklas ; in Zusammenarbeit mit Michael Sommer. 260 $aTübingen :$bMohr Siebeck,$c©2015. 300 $aIX, 475 p. ;$c24 cm 490 1 $aWissenschaftliche Untersuchungen zum Neuen Testament ;$v346 504 $aRiferimenti bibliografici e indici. 630 04$aBiblia.$pN.T.$pApocalypsis$xCritica testuale.$0(OLS)http://pul/subject/7011 700 1 $aAlkier, Stefan.$0(OLS)http://pul/name/49334 700 1 $aHieke, Thomas.$0(OLS)http://pul/name/48651 700 1 $aNicklas, Tobias.$0(OLS)http://pul/name/53323 700 1 $aSommer, Michael.$0(OLS)http://pul/name/76778 830 0$aWissenschaftliche Untersuchungen zum Neuen Testament ;$v346.$0(OLS)http://pul/title/8628 850 $aPUL 852 $aPUL$W1$xSL Religione 1$y3$m16 H 346$j165308$qStampati$B165573$CPULBib$Z2$F165573 $H125749 $82 941 1 $a8 996 $6020$a978-3-16-152966-5$9(OLS)http://pul/number/157446 996 $6245$aPoetik und Intertextualität der Johannesapokalypse$9(OLS)http://pul/title/181225 996 $6260$aTübingen :$bMohr Siebeck$9(OLS)http://pul/publisher/52004